[Event "Tourn. n8097"]
[Site "www.chess-mail.com"]
[Date "2015.05.05"]
[Round "1"]
[White "Powerchess"]
[Black "Tomcapp"]
[WhiteElo "1410"]
[BlackElo "1510"]
[Result "1/2-1/2"]
[Round "1"]
1.d4 d5
2.Bc1f4 Bc8f5
3.e3 e6
4.Ng1f3 Nb8c6
5.Bf1b5 Ng8e7
6.O-O a6
7.Bb5xc6 bxc6
8.Nb1d2 Ne7g6
9.Bf4g3 c5
10.c3 c4
11.Rf1e1 Bf8d6
12.Qd1a4 Qd8d7
13.Qa4xd7 Kxd7
14.Bg3xd6 cxd6
15.h3 h6
16.e4 dxe4
17.Nd2xe4 Bf5xe4
18.Re1xe4 d5
19.Nf3e5 Ng6xe5
20.Re4xe5 f6
21.Re5e2 f5
22.b3 cxb3
23.axb3 a5
24.Ra1a4 g5
25.Re2a2 f4
26.Ra4xa5 Ra8c8
27.Ra5c5 Rc8b8
28.b4 h5
29.Ra2a7 Ke8
30.Rc5c7 Rh8f8
31.Rc7e7 Kd8
32.Ra7d7 Kc8
33.Rd7c7 Kd8
34.Rc7d7 Kc8
35.Rd7c7 Kd8
36.Rc7d7 
1/2-1/2

[Event "Tourn. n8036"]
[Site "www.chess-mail.com"]
[Date "2015.05.05"]
[Round "1"]
[White "Samael"]
[Black "Groz"]
[WhiteElo "2090"]
[BlackElo "1809"]
[Result "1-0"]
[Round "1"]
1.e4 g6
2.d3 Bf8g7
3.d4 a6
4.Ng1f3 e6
5.Nb1c3 Ng8e7
6.Bf1e2 O-O
7.O-O d5
8.exd5 exd5
9.Rf1e1 Nb8c6
10.Bc1e3 Bc8f5
11.a3 Ra8b8
12.Be2d3 Qd8d7
13.Bd3xf5 Ne7xf5
14.Nc3e2 Nf5xe3
15.fxe3 Rf8e8
16.Ne2g3 Re8e7
17.c3 Rb8e8
18.Qd1d3 Nc6a5
19.Nf3d2 Bg7h6
20.Ng3f1 b5
21.Re1e2 f5
22.Ra1e1 Na5c4
23.Nd2xc4 bxc4
24.Qd3c2 Re7e6
25.Kf2 Re8e7
26.g3 Qd7e8
27.b3 c6
28.bxc4 dxc4
29.Qc2a4 c5
30.Qa4xc4 Kg7
31.Qc4xc5 Re6c6
32.Qc5b4 Re7c7
33.Re2c2 Qe8e4
34.Re1c1 Rc6c4
35.Qb4b2 g5
36.Nf1d2 Qe4d3
37.Nd2xc4 Qd3xc4
38.Rc1d1 f4
39.gxf4 gxf4
40.e4 f3
41.Qb2b4 Qc4f7
42.Rd1g1 Kh8
43.Qb4b8 Bh6f8
44.Rg1g3 { resign }
1-0

[Event "Tourn. n8160"]
[Site "www.chess-mail.com"]
[Date "2015.05.05"]
[Round "1"]
[White "Senitram"]
[Black "Woodpusher2"]
[WhiteElo "2590"]
[BlackElo "2620"]
[Result "1/2-1/2"]
[Round "1"]
1.Ng1f3 Ng8f6
2.d4 e6
3.c4 d5
4.Nb1c3 c6
5.e3 Nb8d7
6.Bf1d3 dxc4
7.Bd3xc4 b5
8.Bc4d3 Bc8b7
9.e4 b4
10.Nc3a4 c5
11.e5 Nf6d5
12.Na4xc5 Nd7xc5
13.dxc5 Bf8xc5
14.Qd1a4 Kf8
15.O-O h6
16.Qa4c2 Qd8b6
17.Nf3d2 Qb6c6
18.Bd3e4 Ra8c8
19.Nd2b3 Bc5b6
20.Qc2xc6 Bb7xc6
21.Bc1d2 g5
22.Rf1c1 Kg7
23.Be4xd5 Bc6xd5
24.Bd2xb4 Kg6
25.Bb4d6 Rh8d8
26.h3 Kf5
27.g4 Kg6
28.Bd6e7 Rd8e8
29.Rc1xc8 Re8xc8
30.Ra1c1 Rc8xc1
31.Nb3xc1 h5
32.b4 hxg4
33.hxg4 Bd5f3
34.a4 Bf3xg4
35.a5 Bb6d4
36.Be7c5 Bd4b2
37.Nc1d3 Bb2c3
38.Bc5xa7 Bg4e2
39.Nd3c5 Bc3xb4
40.Ba7b6 Bb4xc5
{ draw }
1/2-1/2

[Event "Tourn. n8176"]
[Site "www.chess-mail.com"]
[Date "2015.05.05"]
[Round "1"]
[White "Jjmcbride"]
[Black "Hrob71"]
[WhiteElo "1810"]
[BlackElo "2020"]
[Result "1-0"]
[Round "1"]
1.e4 e5
2.d3 Ng8f6
3.Bf1e2 Bf8c5
4.a3 d6
5.h3 O-O
6.Nb1c3 c6
7.b4 Bc5b6
8.Ng1f3 Bc8e6
9.O-O Nb8d7
10.d4 exd4
11.Nf3xd4 h6
12.Nd4xe6 fxe6
13.Qd1xd6 Qd8e8
14.Be2c4 { resign }
1-0

[Event "Tourn. n8097"]
[Site "www.chess-mail.com"]
[Date "2015.05.05"]
[Round "1"]
[White "Powerchess"]
[Black "Pipas"]
[WhiteElo "1380"]
[BlackElo "1640"]
[Result "1-0"]
[Round "1"]
1.e4 e5
2.Bf1c4 Ng8f6
3.d3 d5
4.exd5 Nf6xd5
5.Ng1f3 Nb8c6
6.O-O Bc8g4
7.c3 Bg4xf3
8.Qd1xf3 Nd5f6
9.Bc1g5 Bf8e7
10.Nb1d2 O-O
11.Bg5xf6 Be7xf6
12.Nd2e4 h6
13.Ne4xf6 Qd8xf6
14.Qf3xf6 gxf6
15.f4 f5
16.fxe5 Nc6xe5
17.Rf1xf5 Ne5xc4
18.dxc4 Rf8e8
19.Kf1 Re8e4
20.b3 Re4e3
21.Rf5f3 Re3e5
22.Ra1e1 Re5a5
23.Re1e2 Ra8d8
24.b4 Ra5a4
25.c5 Rd8d1
26.Kf2 Rd1a1
27.Re2e7 Ra4xa2
28.Kg3 Ra1g1
29.Rf3f2 Ra2xf2
30.Kxf2 Rg1c1
31.Re7xc7 Rc1xc3
32.Rc7xb7 Rc3c4
33.Rb7xa7 Rc4xb4
34.Ra7c7 Rb4b2
35.Kg3 Rb2c2
36.c6 Kg7
37.Rc7c8 Rc2d2
38.c7 Rd2d7
39.Rc8g8 Kxg8
40.c8Q { resign }
1-0

[Event "Tourn. n8166"]
[Site "www.chess-mail.com"]
[Date "2015.05.05"]
[Round "1"]
[White "Forest"]
[Black "Anja"]
[WhiteElo "1570"]
[BlackElo "1670"]
[Result "0-1"]
[Round "1"]
1.d4 Ng8f6
2.c4 e5
3.dxe5 Nf6g4
4.Ng1f3 Nb8c6
5.e3 Bf8b4
6.Bc1d2 Bb4xd2
7.Qd1xd2 Ng4xe5
8.Nf3xe5 Nc6xe5
9.Nb1c3 O-O
10.Bf1e2 d6
11.O-O Bc8e6
12.b3 Rf8e8
 { time }
0-1

[Event "Tourn. n8137"]
[Site "www.chess-mail.com"]
[Date "2015.05.05"]
[Round "1"]
[White "Mchess"]
[Black "Imkrebsgang"]
[WhiteElo "1620"]
[BlackElo "1850"]
[Result "0-1"]
[Round "1"]
1.Ng1f3 f5
2.d4 Ng8f6
3.c4 b6
4.g3 Bc8b7
5.Bf1g2 e6
6.O-O Nf6e4
7.Nf3e5 d6
8.Ne5f3 g6
9.Nf3d2 Bf8g7
10.Nd2xe4 fxe4
11.Nb1c3 d5
12.cxd5 exd5
13.a4 Nb8c6
14.e3 Bb7a6
15.Rf1e1 Nc6b4
16.Bg2f1 Ba6xf1
17.Re1xf1 Nb4d3
18.a5 Rh8f8
19.axb6 axb6
20.Ra1xa8 Qd8xa8
21.Qd1c2 Kd7
22.Nc3e2 g5
23.Bc1d2 Rf8f6
24.b4 Bg7f8
25.Qc2b3 Bf8d6
26.b5 Qa8f8
27.f3 Rf6xf3
28.Rf1xf3 Qf8xf3
{ resign }
0-1

[Event "Tourn. n8055"]
[Site "www.chess-mail.com"]
[Date "2015.05.05"]
[Round "1"]
[White "Emmanuelasi"]
[Black "Snebur56"]
[WhiteElo "2220"]
[BlackElo "2360"]
[Result "0-1"]
[Round "1"]
1.e4 e5
2.Ng1f3 Nb8c6
3.Bf1b5 a6
4.Bb5a4 Ng8f6
5.O-O Bf8e7
6.Rf1e1 b5
7.Ba4b3 d6
8.c3 O-O
9.d4 Bc8g4
10.Bc1e3 exd4
11.cxd4 Nc6a5
12.Bb3c2 Na5c4
13.Be3c1 c5
14.b3 Nc4b6
15.Bc1e3 c4
16.Nb1d2 Ra8c8
17.Nd2f1 d5
18.e5 Nf6e4
19.Nf1g3 Be7b4
20.Re1f1 f5
21.h3 Ne4c3
22.Qd1c1 Bg4xf3
23.gxf3 f4
24.Be3xf4 Qd8h4
25.Bf4e3 Qh4xh3
26.f4 cxb3
27.axb3 Nc3e4
28.Ng3xe4 dxe4
29.Qc1d1 Rc8xc2
30.Qd1xc2 Qh3g4
31.Kh1 Rf8f5
{ resign }
0-1

[Event "Tourn. n8196"]
[Site "www.chess-mail.com"]
[Date "2015.05.05"]
[Round "1"]
[White "Gene4267"]
[Black "Groz"]
[WhiteElo "2060"]
[BlackElo "1990"]
[Result "1-0"]
[Round "1"]
1.d4 d5
2.c4 c6
3.Nb1c3 Ng8f6
4.Ng1f3 a6
5.cxd5 cxd5
6.Bc1f4 Nb8c6
7.e3 Bc8f5
8.Bf1e2 e6
9.Qd1b3 b5
10.Nc3xb5 axb5
11.Be2xb5 Qd8a5
12.Kd1 Ra8c8
13.Ra1c1 { resign }
1-0

[Event "Tourn. n8144"]
[Site "www.chess-mail.com"]
[Date "2015.05.05"]
[Round "1"]
[White "Gandalf"]
[Black "Dominiquer"]
[WhiteElo "1600"]
[BlackElo "1830"]
[Result "0-1"]
[Round "1"]
1.c4 Ng8f6
2.d4 g6
3.g3 Bf8g7
4.Bf1g2 c6
5.e4 d6
6.Nb1c3 b5
7.cxb5 cxb5
8.e5 dxe5
9.dxe5 b4
10.Qd1xd8 Kxd8
11.exf6 Bg7xf6
12.Nc3d5 Bc8b7
13.Bg2f3 e6
14.Nd5xf6 Bb7xf3
15.Ng1xf3 Ke7
16.Nf6e4 Nb8c6
17.Bc1e3 f5
18.Be3c5 Kf7
19.Ne4d6 Kg8
 { time }
0-1

[Event "Tourn. n8127"]
[Site "www.chess-mail.com"]
[Date "2015.05.05"]
[Round "1"]
[White "Asoka"]
[Black "Nimzo"]
[WhiteElo "2620"]
[BlackElo "2700"]
[Result "1/2-1/2"]
[Round "1"]
1.e4 e6
2.d4 d5
3.Nb1c3 Ng8f6
4.Bc1g5 dxe4
5.Nc3xe4 Bf8e7
6.Ne4xf6 Be7xf6
7.Bg5xf6 Qd8xf6
8.c3 O-O
9.Qd1f3 Nb8d7
10.Bf1d3 Rf8e8
11.Qf3e4 Qf6h6
12.Ng1f3 e5
13.Nf3xe5 Nd7b6
14.g4 f6
15.g5 Qh6xg5
16.Qe4xh7 Kf8
17.f4 Qg5h6
18.Qh7xh6 gxh6
19.Kd2 fxe5
20.fxe5 Bc8e6
21.Rh1g1 Re8e7
22.Rg1g6 Nb6c4
23.Kc2 Nc4e3
24.Kd2 Ne3c4
{ draw }
1/2-1/2

[Event "Tourn. n8158"]
[Site "www.chess-mail.com"]
[Date "2015.05.05"]
[Round "1"]
[White "Generalfree"]
[Black "Gandalf"]
[WhiteElo "1790"]
[BlackElo "1600"]
[Result "1-0"]
[Round "1"]
1.e4 d5
2.exd5 Qd8xd5
3.d4 e5
4.dxe5 Qd5xe5
5.Qd1e2 Qe5xe2
6.Bf1xe2 Ng8f6
7.Bc1d2 Bc8f5
8.Be2d3 Bf5xd3
9.cxd3 Bf8d6
10.g3 Nb8c6
11.Ng1f3 h6
12.O-O O-O-O
13.a3 Nc6e5
14.Nf3e1 Bd6e7
15.Nb1c3 Ne5xd3
16.Ne1xd3 Rd8xd3
17.Bd2e3 a6
18.Rf1d1 Rh8d8
19.Rd1xd3 Rd8xd3
20.Ra1d1 Rd3xd1
21.Nc3xd1  { time }
1-0

[Event "Tourn. n8194"]
[Site "www.chess-mail.com"]
[Date "2015.05.05"]
[Round "1"]
[White "Anja"]
[Black "Louis"]
[WhiteElo "1680"]
[BlackElo "1690"]
[Result "1-0"]
[Round "1"]
1.d4 Ng8f6
2.Ng1f3 d5
3.Bc1f4 e6
4.e3 c5
5.c4 Nb8c6
6.cxd5 Nf6xd5
7.Bf4g3 cxd4
8.Nf3xd4 Nc6xd4
9.Qd1xd4 Qd8a5
10.Nb1d2 Bf8c5
11.Qd4xg7 { resign }
1-0

[Event "Tourn. n8123"]
[Site "www.chess-mail.com"]
[Date "2015.05.05"]
[Round "1"]
[White "Rons"]
[Black "Seger"]
[WhiteElo "2560"]
[BlackElo "2680"]
[Result "0-1"]
[Round "1"]
1.e4 e6
2.d4 d5
3.Nb1c3 Ng8f6
4.Bc1g5 Bf8e7
5.e5 Nf6d7
6.Bg5xe7 Qd8xe7
7.f4 O-O
8.Ng1f3 c5
9.Qd1d2 a6
10.Bf1e2 Nb8c6
11.g3 b5
12.a3 Bc8b7
13.O-O f6
14.exf6 Nd7xf6
15.Qd2e3 Ra8e8
16.Ra1d1 e5
17.fxe5 cxd4
18.Nf3xd4 Nc6xe5
19.Nd4f5 Qe7e6
20.Qe3g5 Qe6b6
21.Rf1f2 g6
22.Nf5d4 Ne5c4
23.Be2xc4 dxc4
24.Rf2f4 Bb7a8
25.Rd1f1 Qb6b7
26.Rf1f3 Qb7e7
27.Rf4xf6 Ba8xf3
28.Rf6xf8 Qe7xf8
29.Nd4xf3 Qf8xf3
30.Qg5d2 Re8f8
31.Qd2e1 Qf3f6
32.Kg2 Kg7
33.Qe1e2 Rf8f7
34.h3 a5
35.h4 h5
36.Nc3d5 Qf6xb2
37.Nd5f4 Qb2f6
38.Qe2e1 Rf7d7
39.Nf4e6 Kh7
40.Ne6g5 Kh6
41.Ng5f3 Kg7
42.c3 b4
43.axb4 axb4
44.cxb4 c3
45.Qe1e2 Rd7c7
46.Nf3e1 c2
{ resign }
0-1

[Event "Tourn. n8191"]
[Site "www.chess-mail.com"]
[Date "2015.05.05"]
[Round "1"]
[White "Grimsby"]
[Black "Flick"]
[WhiteElo "1690"]
[BlackElo "1600"]
[Result "0-1"]
[Round "1"]
1.d4 Ng8f6
2.Nb1c3 e6
3.Ng1f3 b6
4.Bc1g5 Bc8b7
5.a3 Bf8e7
6.e3 d5
7.Bf1d3 Nf6e4
8.Bg5xe7 Qd8xe7
9.Bd3xe4 dxe4
10.Nf3d2 f5
11.O-O { time. }
0-1

[Event "Match"]
[Site "www.echecsemail.com"]
[Date "2015.05.05"]
[Round "1"]
[White "Drharislacan"]
[Black "Chessfan"]
[WhiteElo "1699"]
[BlackElo "2370"]
[Result "0-1"]
[Round "1"]
1.e4 e5
2.Ng1f3 Nb8c6
3.Bf1b5 f5
4.d3 fxe4
5.dxe4 Ng8f6
6.O-O Bf8c5
7.h4 O-O
8.h5 h6
9.g4 Nf6xg4
10.Kg2 d6
11.Nf3g5 hxg5
12.f4 gxf4
13.Kf3 Nc6d4
14.Kg2 Qd8h4
15.Rf1f3 Qh4h2
16.Kf1 Qh2h1

0-1

[Event "Match"]
[Site "www.echecsemail.com"]
[Date "2015.05.05"]
[Round "1"]
[White "Jafarhayder"]
[Black "Caspito"]
[WhiteElo "1250"]
[BlackElo "1790"]
[Result "1-0"]
[Round "1"]
1.d4 g6
2.c4 Ng8f6
3.Nb1c3 c6
4.e4 d6
5.Bc1g5 Bf8g7
6.h3 O-O
7.Bg5xf6 exf6
8.Ng1f3 Nb8d7
9.Bf1e2 b6
10.O-O a6
11.Ra1c1 Bc8b7
12.Rf1e1 a5
13.a3 a4
14.Nc3xa4 d5
15.cxd5 cxd5
16.exd5 Bb7xd5
17.Na4c3 Bd5e6
18.Nc3b5 Ra8a6
19.Nb5c7 Ra6a5
20.Nc7xe6 fxe6
21.Qd1b3 Qd8e7
22.Be2c4 Kh8
23.Bc4xe6 Qe7d8
24.Be6xd7 Qd8xd7
25.Qb3xb6 Ra5b5
26.Qb6c7 Qd7xc7
27.Rc1xc7 Rb5xb2
28.Re1e7 Rf8g8
29.d5 Rb2a2
30.Rc7a7 Ra2a1
31.Kh2 Ra1d1
32.Re7d7 h6
33.a4 g5
34.a5 Kh7
35.a6 Kg6
36.Ra7b7 h5
37.a7 Rd1a1
38.Rb7b8 Ra1xa7
39.Rd7xa7 Rg8xb8
40.d6 g4
41.hxg4 hxg4
42.Nf3d4 Rb8h8
43.Kg1 f5
44.Nd4c6 Bg7f6
45.d7 f4
46.Ra7c7 Rh8a8
47.Rc7c8 Ra8a6
48.d8Q Bf6xd8
49.Nc6xd8 Kf5
50.Rc8c5 Ke4
51.Rc5c3 Kd4
52.Rc3c1 g3
53.fxg3 fxg3
54.Nd8f7 Kd3
55.Nf7e5 Kd2
56.Rc1b1 Kc2
57.Rb1f1 Kd2
58.Ne5f3 Ke2
59.Nf3d4 Kd2
60.Nd4f3 Ke2
61.Nf3d4 Ke3
62.Nd4f5 { resign }
1-0

[Event "Match"]
[Site "www.echecsemail.com"]
[Date "2015.05.05"]
[Round "1"]
[White "Castletyme"]
[Black "Tenzinnima"]
[WhiteElo "1820"]
[BlackElo "2270"]
[Result "1-0"]
[Round "1"]
1.e4 e6
2.d4 d5
3.exd5 exd5
4.Nb1c3 Ng8f6
5.Ng1f3 c5
6.Bf1b5 Nb8d7
7.Bb5xd7 Bc8xd7
8.Bc1g5 Bf8e7
9.Bg5xf6 Be7xf6
10.Nc3xd5 Bd7b5
11.Nd5xf6 Qd8xf6
12.a4 Qf6e7
13.Kd2 Bb5c6
14.c3 cxd4
15.cxd4 O-O
16.Kc1 Bc6e4
17.Ra1a3 Ra8c8
18.Ra3c3 Qe7b4
19.Nf3d2 Rc8xc3
20.bxc3  { time }
1-0

[Event "Match"]
[Site "www.echecsemail.com"]
[Date "2015.05.05"]
[Round "1"]
[White "Ostapbender"]
[Black "Andradamaria"]
[WhiteElo "2670"]
[BlackElo "2339"]
[Result "1-0"]
[Round "1"]
1.e4 c5
2.Ng1f3 d6
3.Bf1b5 Nb8d7
4.c3 a6
5.Bb5a4 b5
6.Ba4c2 Bc8b7
7.O-O g6
8.d4 cxd4
9.cxd4 Ng8f6
10.Rf1e1 Bf8g7
11.e5 dxe5
12.dxe5 Nf6g4
13.e6 Nd7f6
14.exf7 Kxf7
15.Nf3g5 Kg8
16.Bc2b3 { resign }
1-0

[Event "Match"]
[Site "www.echecsemail.com"]
[Date "2015.05.05"]
[Round "1"]
[White "Jafarhayder"]
[Black "Llord"]
[WhiteElo "1550"]
[BlackElo "1800"]
[Result "1-0"]
[Round "1"]
1.d4 e6
2.c4 d5
3.Nb1c3 dxc4
4.e3 Bf8b4
5.Bc1d2 Ng8f6
6.Bf1xc4 O-O
7.a3 Bb4d6
8.e4 e5
9.d5 Nb8d7
10.b4 Nd7b6
11.Bc4d3 Bc8g4
12.Ng1f3 h6
13.Ra1c1 a6
14.h3 Bg4xf3
15.Qd1xf3 a5
16.Nc3b5 axb4
17.Nb5xd6 cxd6
18.Bd2xb4 Nb6a4
19.O-O Na4b2
20.Bd3b5 Qd8b6
21.Qf3e2 Nb2a4
22.Bb5xa4 Ra8xa4
23.Qe2c4 Ra4a8
24.Rc1c2 Qb6d4
25.Bb4xd6 Rf8e8
26.Qc4xd4 Nf6d7
27.Qd4c3 f6
28.Rf1c1 Kh7
29.Qc3c7 Nd7f8
30.Qc7xb7 Nf8g6
31.Rc2c7 { resign }
1-0

[Event "Match"]
[Site "www.echecsemail.com"]
[Date "2015.05.05"]
[Round "1"]
[White "Truquine"]
[Black "Jose"]
[WhiteElo "1759"]
[BlackElo "2690"]
[Result "1/2-1/2"]
[Round "1"]
1.d4 f5
2.g3 Ng8f6
3.Bf1g2 e6
4.c4 c6
5.Ng1h3 d5
6.O-O Bf8d6
7.Bc1f4 O-O
8.Nb1d2 Bd6e7
9.Nd2f3 Nf6e4
10.Qd1c1 Nb8d7
11.Nh3g5 Nd7f6
12.Nf3e5 Nf6h5
13.Ng5f3 Nh5xf4
14.gxf4 Bc8d7
15.Qc1e3 Bd7e8
16.Ra1c1 Rf8f6
17.Nf3g5 Rf6h6
18.cxd5 exd5
19.Ng5xe4 fxe4
20.f3 exf3
21.Rf1xf3 Be7d6
22.Rf3g3 Kh8
23.Rc1f1 Qd8e7
24.Qe3d3 Rh6h4
25.Rg3e3 Qe7f6
26.Re3h3 Rh4xh3
27.Qd3xh3 Ra8d8
28.a3 Be8f7
29.Qh3b3 Qf6e7
30.e4 Bf7g8
31.exd5 cxd5
32.Bg2h3 Rd8f8
33.Qb3g3 Qe7c7
34.Qg3d3 Qc7e7
35.Qd3g3 { draw }
1/2-1/2

[Event "Match"]
[Site "www.echecsemail.com"]
[Date "2015.05.05"]
[Round "1"]
[White "Reanna"]
[Black "Kesalon"]
[WhiteElo "1590"]
[BlackElo "1940"]
[Result "0-1"]
[Round "1"]
1.c4 Ng8f6
2.e3 e5
3.Ng1f3 Nb8c6
4.Bf1e2 d5
5.O-O Bf8c5
6.Nb1c3 O-O
7.a3 d4
8.exd4 exd4
9.Nc3d5 Nf6xd5
10.cxd5 Qd8xd5
11.d3 Bc8f5
12.Nf3h4 Bf5g6
13.Be2f3 Qd5d6
14.Nh4xg6 fxg6
15.Qd1b3 Kh8
16.Qb3xb7 Nc6e5
17.Bf3e4 Ra8b8
18.Qb7d5 Qd6xd5
19.Be4xd5 Ne5xd3
20.b4 Bc5b6
21.Bd5c6 Nd3xc1
22.Ra1xc1 d3
23.Rc1d1 Rb8d8
24.a4 a5
25.bxa5 Bb6xa5
26.Bc6b5 d2
27.g3 Rd8d4
28.Kg2 Rf8f6
29.h4 c6
30.Bb5e2 Rd4xa4
31.Be2f3 c5
32.g4 c4
33.g5 Rf6d6
34.Bf3e2 c3
35.Be2b5 Ra4b4
36.Rf1e1 dxe1Q
37.Rd1xe1 Rd6d8
38.Bb5d3 Rb4b2
39.h5 c2
40.Bd3xc2 Ba5xe1
{ resign }
0-1

[Event "Match"]
[Site "www.echecsemail.com"]
[Date "2015.05.05"]
[Round "1"]
[White "Whitekknight"]
[Black "Jafarhayder"]
[WhiteElo "1900"]
[BlackElo "1250"]
[Result "0-1"]
[Round "1"]
1.e4 e6
2.d4 d5
3.exd5 exd5
4.Bf1e2 Bf8d6
5.Nb1c3 Ng8f6
6.Ng1f3 O-O
7.Bc1d2 Bc8g4
8.h3 Bg4h5
9.Bd2e3 Nb8d7
10.Qd1d2 c6
11.O-O-O Rf8e8
12.Be3g5 Qd8c7
13.Rh1e1 h6
14.Bg5e3 b5
15.Kb1 b4
16.Nc3a4 Nf6e4
17.Qd2d3 Bh5g6
18.Qd3b3 a5
19.Nf3d2 Bd6f4
20.f3 Bf4xe3
21.Qb3xe3 Ne4c5
22.Qe3f2 Nc5xa4
23.Nd2b3 Re8e7
24.Be2d3 Ra8e8
25.Re1xe7 Re8xe7
26.Bd3xg6 fxg6
27.Kc1 Qc7f4
28.Nb3d2 Qf4e3
29.Qf2g3 g5
30.Qg3d6 Qe3e6
31.Qd6c7 Na4b6
32.Qc7g3 Nb6c4
33.Nd2xc4 dxc4
34.Kb1 Qe6e2
35.Kc1 c3
36.bxc3 bxc3
37.Qg3c7 Qe2b5
{ resign }
0-1

[Event "Match"]
[Site "www.echecsemail.com"]
[Date "2015.05.05"]
[Round "1"]
[White "Sanci"]
[Black "Iko"]
[WhiteElo "1280"]
[BlackElo "1480"]
[Result "0-1"]
[Round "1"]
1.e4 e5
2.Qd1h5 d6
3.Bf1c4 g6
4.Qh5f3 f5
5.d3 Bf8h6
6.Bc1xh6 Ng8xh6
7.h3 Rh8f8
8.Qf3e3 f4
9.Qe3f3 Qd8h4
10.Ng1e2 Bc8g4
11.g3 Bg4xf3
12.gxh4 Bf3xh1
13.Bc4d5 c6
14.Bd5c4 b5
 { time }
0-1

[Event "Match"]
[Site "www.echecsemail.com"]
[Date "2015.05.05"]
[Round "1"]
[White "Theboss"]
[Black "Forest"]
[WhiteElo "1780"]
[BlackElo "1570"]
[Result "1-0"]
[Round "1"]
1.e4 c5
2.Ng1f3 d6
3.Bf1b5 Bc8d7
4.a4 Ng8f6
5.Nb1c3 g6
6.d4 cxd4
7.Nf3xd4 Bf8g7
8.O-O a6
9.Bb5c4 O-O
10.Bc1g5 Nb8c6
11.Bg5xf6 Bg7xf6
12.Nd4f3 Ra8c8
13.h3 Bf6g7
14.Qd1d2 Nc6e5
15.Qd2e2 Ne5xc4
16.b3 Bg7xc3
17.Ra1a2 Nc4e5
18.Qe2e3 Ne5xf3
19.Qe3xf3 Bc3f6
20.c4  { time }
1-0

[Event "Match"]
[Site "www.echecsemail.com"]
[Date "2015.05.05"]
[Round "1"]
[White "Kesalon"]
[Black "Susov"]
[WhiteElo "1970"]
[BlackElo "1800"]
[Result "1-0"]
[Round "1"]
1.e4 e5
2.Ng1f3 Nb8c6
3.Bf1c4 h6
4.d4 exd4
5.Nf3xd4 Qd8f6
6.Bc1e3 Bf8c5
7.c3 Bc5xd4
8.Be3xd4 Nc6xd4
{ time. }
1-0

[Event "1/64 Finale"]
[Site "www.chess-mail.com"]
[Date "2015.05.05"]
[Round "1"]
[White "Vitoriccardo"]
[Black "Chessmith19"]
[WhiteElo "1740"]
[BlackElo "2580"]
[Result "0-1"]
[Round "1"]
1.e4 e5
2.Ng1f3 Nb8c6
3.Bf1c4 Bf8c5
4.d3 d6
5.O-O Ng8f6
6.Bc1g5 h6
7.Bg5h4 Nc6a5
8.Bc4b3 g5
9.Bh4g3 a6
10.Nb1c3 h5
11.Nf3xg5 Na5xb3
12.axb3 h4
13.Bg3xe5 dxe5
14.Nc3a4 Bc5a7
15.Kh1 h3
16.g3 Nf6g4
17.Qd1d2 Ng4xf2
{ resign }
0-1

[Event "Eq:THE KILLERS 1-BEAC Hungary : "]
[Site "www.chess-mail.com"]
[Date "2015.05.05"]
[Round "1"]
[White "Difficult"]
[Black "Fkarpov"]
[WhiteElo "2140"]
[BlackElo "2060"]
[Result "0-1"]
[Round "1"]
1.e4 c5
2.Nb1c3 e6
3.Ng1f3 Nb8c6
4.d4 a6
5.a3 cxd4
6.Nf3xd4 Bf8c5
7.Bc1e3 Qd8b6
8.Nc3a4 Qb6a5
9.c3 Bc5xd4
10.Be3xd4 Nc6xd4
11.Qd1xd4 Ng8e7
12.Qd4b4 Qa5xb4
13.axb4 O-O
14.O-O-O b5
15.Na4c5 Ra8a7
16.f3 Ra7c7
17.Bf1e2 d5
18.exd5 Ne7xd5
19.Rh1e1 a5
20.Be2xb5 axb4
21.cxb4 Nd5xb4
{ resign }
0-1

[Event "Eq:La Taverne-Los Tercios : "]
[Site "www.chess-mail.com"]
[Date "2015.05.05"]
[Round "1"]
[White "Louis"]
[Black "Andradamaria"]
[WhiteElo "1690"]
[BlackElo "2119"]
[Result "1-0"]
[Round "1"]
1.e4 c5
2.Ng1f3 d6
3.d4 cxd4
4.Nf3xd4 Ng8f6
5.Nb1c3 a6
6.f3 e5
7.Nd4b3 Bc8e6
8.Bc1g5 Nb8d7
9.Nc3d5 h6
10.Bg5xf6 Nd7xf6
11.Bf1e2 Nf6xd5
12.exd5 Qd8a5
13.Nb3xa5 { resign }
1-0

[Event "Tourn. n8072"]
[Site "www.chess-mail.com"]
[Date "2015.05.06"]
[Round "1"]
[White "Cardiff"]
[Black "Falcoale"]
[WhiteElo "1960"]
[BlackElo "1860"]
[Result "0-1"]
[Round "1"]
1.d4 Ng8f6
2.c4 b6
3.Nb1c3 Bc8b7
4.Ng1f3 e6
5.a3 d5
6.cxd5 Nf6xd5
7.Nc3xd5 Bb7xd5
8.e3 Bf8d6
9.Bf1e2 Nb8d7
10.O-O O-O
11.Bc1d2 Nd7f6
12.h3 Nf6e4
13.Ra1c1 Ne4xd2
14.Qd1xd2 Qd8e7
15.Rf1d1 Bd5b7
16.Qd2c2 Ra8c8
17.Qc2a4 a5
18.Qa4c2 Rf8e8
19.e4 Bd6f4
20.Rc1b1 c5
21.dxc5 Rc8xc5
22.Qc2b3 Bb7xe4
23.Rb1a1 Qe7b7
24.g3 Bf4b8
25.Ra1c1 Rc5xc1
26.Rd1xc1 Be4d5
27.Qb3e3 Bb8a7
28.Qe3c3 h6
29.Qc3c7 Re8b8
30.Qc7xb7 Rb8xb7
31.Nf3e5 Bd5e4
32.Be2f3 Be4xf3
33.Ne5xf3 a4
34.Nf3e5 b5
35.Kg2 b4
36.axb4 Ba7d4
37.Ne5c6 Bd4xb2
38.Rc1c2 a3
{ resign }
0-1

[Event "Tourn. n8018"]
[Site "www.chess-mail.com"]
[Date "2015.05.06"]
[Round "1"]
[White "Fabos12"]
[Black "Falcoale"]
[WhiteElo "1900"]
[BlackElo "1850"]
[Result "0-1"]
[Round "1"]
1.e4 c5
2.Nb1c3 e6
3.d4 cxd4
4.Qd1xd4 Nb8c6
5.Qd4d1 Ng8f6
6.Bc1g5 h6
7.Bg5h4 Bf8e7
8.Bh4g3 O-O
9.Ng1f3 a6
10.Bf1e2 Be7b4
11.O-O b6
12.Bg3d6 Rf8e8
13.Bd6xb4 Nc6xb4
14.a3 Nb4c6
15.Be2c4 b5
16.Bc4a2 Bc8b7
17.Rf1e1 Nf6g4
18.Nf3d2 Ng4e5
19.Qd1h5 Qd8f6
20.g3 Nc6d4
21.Re1c1 d5
22.exd5 Nd4f3
23.Nd2xf3 Ne5xf3
24.Kg2 Nf3g5
25.h4 Qf6f3
26.Qh5xf3 Ng5xf3
27.Kxf3 exd5
28.Ba2xd5 Bb7xd5
29.Nc3xd5 Re8e5
30.Rc1d1 Re5f5
31.Kg2 Rf5e5
32.Rd1d3 Ra8c8
33.c3 Kh8
34.Ra1d1 Re5e2
35.Rd1d2 Re2e8
36.Rd3e3 Re8xe3
37.Nd5xe3 f6
38.Rd2d6 a5
39.Ne3f5 Rc8b8
40.Rd6d7 Rb8g8
41.Nf5e7 Rg8b8
42.Ne7g6 Kh7
43.h5 b4
44.axb4 axb4
45.c4 b3
46.Ng6f4 Rb8c8
47.Nf4e6 Rc8xc4
48.Rd7xg7 Kh8
 { time }
0-1

[Event "Tourn. n8148"]
[Site "www.chess-mail.com"]
[Date "2015.05.06"]
[Round "1"]
[White "Oliverio"]
[Black "Spitzer"]
[WhiteElo "1590"]
[BlackElo "1590"]
[Result "1-0"]
[Round "1"]
1.e4 e5
2.f4 d6
3.Ng1f3 Nb8c6
4.Nb1c3 Ng8f6
5.Bf1b5 Bc8d7
6.d3 Bf8e7
7.O-O O-O
8.f5 d5
9.Nc3xd5 Nc6d4
10.Nd5xe7 Qd8xe7
11.Bb5c4 Nf6g4
12.h3 Ng4f6
13.Bc1e3 Nf6h5
14.Nf3xd4 Nh5g3
15.Rf1f3 Qe7f6
16.Nd4e6 { resign }
1-0

[Event "Tourn. n8018"]
[Site "www.chess-mail.com"]
[Date "2015.05.06"]
[Round "1"]
[White "Falcoale"]
[Black "Dany2005"]
[WhiteElo "1880"]
[BlackElo "1679"]
[Result "0-1"]
[Round "1"]
1.e4 c6
2.d4 d5
3.e5 Bc8f5
4.Ng1f3 e6
5.Nb1c3 Nb8d7
6.Nc3e2 c5
7.c3 cxd4
8.cxd4 Qd8b6
9.a3 Ng8e7
10.b4 Ra8c8
11.Ne2g3 Bf5g6
12.Bc1b2 Ne7f5
13.Ng3xf5 Bg6xf5
14.Bf1d3 Bf5xd3
15.Qd1xd3 Bf8e7
16.O-O O-O
17.Ra1c1 Rf8d8
18.Rc1c2 Rc8xc2
19.Qd3xc2 Nd7f8
20.Nf3e1 Nf8g6
21.f4 h6
22.f5 exf5
23.Rf1xf5 Be7g5
24.Rf5f1 Ng6xe5
25.Ne1f3 Ne5xf3
26.Rf1xf3 Rd8e8
27.Qc2f2 Bg5f6
28.Rf3f4 Bf6g5
29.Qf2f1 Bg5xf4
30.Qf1xf4 Qb6e6
31.Qf4e5 Qe6xe5
32.dxe5 Re8d8
33.Bb2d4 b6
34.Kf2 Rd8c8
35.Ke3 Rc8c2
36.Kf3 Rc2a2
37.h3 Ra2xa3
38.Kg4 Ra3b3
39.Kf4 Rb3xb4
40.Ke3 Rb4b3
41.Kf2 Rb3d3
42.Bd4e3 d4
{ resign }
0-1

[Event "Tourn. n7925"]
[Site "www.chess-mail.com"]
[Date "2015.05.06"]
[Round "1"]
[White "Szustan"]
[Black "Jpmartinez"]
[WhiteElo "2600"]
[BlackElo "2630"]
[Result "0-1"]
[Round "1"]
1.e4 e6
2.d4 d5
3.Nb1c3 Ng8f6
4.e5 Nf6d7
5.Ng1f3 c5
6.Bf1e2 Nb8c6
7.Bc1g5 Bf8e7
8.Bg5xe7 Qd8xe7
9.dxc5 Qe7xc5
10.Qd1d2 O-O
11.O-O Nd7xe5
12.Nf3xe5 Nc6xe5
13.Ra1d1 Bc8d7
14.Qd2f4 Ne5g6
15.Qf4d4 Ra8c8
16.a3 Qc5xd4
17.Rd1xd4 Rc8c7
18.Rd4d2 Rf8c8
19.g3 Ng6e5
20.f4 Ne5c4
21.Be2xc4 Rc7xc4
22.f5 d4
23.fxe6 Bd7xe6
24.Nc3b5 Rc4xc2
25.Rf1d1 Be6g4
26.Rd2xc2 Rc8xc2
27.Rd1xd4 h5
28.b4 Bg4h3
29.Nb5xa7 Rc2g2
30.Kh1 Rg2a2
31.Kg1 Ra2xa3
32.Na7b5 Ra3a2
33.Rd4d8 Kh7
34.Rd8d4 Ra2g2
35.Kh1 Rg2f2
36.Rd4d1 Rf2b2
37.Nb5d6 Rb2xb4
38.Nd6xf7 Kg6
39.Nf7e5 Kf6
40.Ne5f3 b5
41.Kg1 Rb4b2
42.Rd1d6 Ke7
43.Rd6b6 b4
44.Nf3e5 Rb2g2
45.Kf1 Rg2xg3
46.Ke2 Rg3g2
47.Ke3 Rg2xh2
48.Ne5g6 Kf7
49.Ng6e5 Kg8
50.Rb6xb4 Bh3f1
51.Kf3 Kh7
{ resign }
0-1

[Event "Tourn. n8165"]
[Site "www.chess-mail.com"]
[Date "2015.05.06"]
[Round "1"]
[White "Rodemund"]
[Black "Forest"]
[WhiteElo "1610"]
[BlackElo "1570"]
[Result "1-0"]
[Round "1"]
1.e4 c5
2.Nb1c3 a6
3.Ng1f3 d6
4.d3 Nb8c6
5.Bc1d2 Ng8f6
6.a3 g6
7.h3 Bf8g7
8.Qd1e2 O-O
9.g4 b5
10.Bf1g2 Bc8b7
11.Bd2e3 Ra8b8
12.O-O Qd8c7
{ time. }
1-0